Methodicum chimicum: A critical survey of proven methods and their application in chemistry, natural science and medicine (Record no. 28969)

MARC details
000 -LEADER
fixed length control field 00367nam a2200109Ia 4500
082 ## - DEWEY DECIMAL CLASSIFICATION NUMBER
Classification number 054
Item number KOR.1A
245 #0 - TITLE STATEMENT
Title Methodicum chimicum: A critical survey of proven methods and their application in chemistry, natural science and medicine
260 ## - PUBLICATION, DISTRIBUTION, ETC. (IMPRINT)
Place of publication New York
Name of publisher Academic
Year of publication 1974
700 ## - ADDED ENTRY--PERSONAL NAME
Personal name Korte, Friedhelm
942 ## - ADDED ENTRY ELEMENTS (KOHA)
Koha item type Books
Holdings
Withdrawn status Lost status Damaged status Not for loan Home library Current library Date acquired Cost, normal purchase price Full call number Accession Number Koha item type
        RRII Library RRII Library 16/12/2021 210.80 054 KOR.1A 09560 Books